Precious and Rare Metal Technologies

Guardado en:
Detalles Bibliográficos
Formato: Libro
Lenguaje:inglés
Publicado: Amsterdam : Elsevier, 1989
Materias:
Etiquetas: Agregar Etiqueta
Sin Etiquetas, Sea el primero en etiquetar este registro!

MARC

LEADER 00000nam a22000003a 4500
001 stu44693
005 20150408180405.1
008 950531s1989----ne------------------eng-d
020 |a 0-444-87299-X 
040 |a STU  |b slo 
041 0 |a eng 
044 |a ne 
080 |a 620.22(082) 
245 |a Precious and Rare Metal Technologies 
260 |a Amsterdam :  |b Elsevier,  |c 1989 
300 |a 702 s 
650 7 |a Kovy vzácne  |2 stusub 
650 7 |a zborníky  |2 stusub 
996 |b 284M025963  |c M*9221-1  |l MMKN  |s A  |a 24  |w stu44693_0001